モーターサイクル進化論 : 万澤安央とホンダエンジニア14人による「二輪人間工学」語りおろし
Sparad:
| Institutionell upphovsman: | |
|---|---|
| Materialtyp: | Bok |
| Språk: | Undetermined |
| Publicerad: |
東京
ライトプレス出版社
1991
|
| Ämnen: | |
| Taggar: |
Lägg till en tagg
Inga taggar, Lägg till första taggen!
|
| Thư viện lưu trữ: | Trung tâm Học liệu Trường Đại học Cần Thơ |
|---|
| LEADER | 00671nam a2200193Ia 4500 | ||
|---|---|---|---|
| 001 | CTU_94665 | ||
| 008 | 210402s9999 xx 000 0 und d | ||
| 082 | |a 629.22 | ||
| 082 | |b M919 | ||
| 110 | |a ホンダ・バイクフォーラム事務局 | ||
| 245 | 0 | |a モーターサイクル進化論 : | |
| 245 | 0 | |b 万澤安央とホンダエンジニア14人による「二輪人間工学」語りおろし | |
| 245 | 0 | |c ホンダ・バイクフォーラム事務局 | |
| 260 | |a 東京 | ||
| 260 | |b ライトプレス出版社 | ||
| 260 | |c 1991 | ||
| 650 | |a Motorcycles | ||
| 904 | |i Ngoc | ||
| 980 | |a Trung tâm Học liệu Trường Đại học Cần Thơ | ||